Statistics for On This Day (October 22nd) Multiple Choice

Click here to take the quiz!

General Stats

  • This quiz has been taken 5 times
  • The average score is 9 of 15

Answer Stats

QuestionAnswer% Correct
2001 – Which game is released, popularizing a genre of open-world, action-adventure video games, as well as spurring controversy around violence in video games ?Grand Theft Auto III
100%
1878 – The Bramall Lane stadium sees the first rugby match played under floodlights in which UK city ?Sheffield
100%
2014 – Michael Zehaf-Bibeau attacks the Parliament of which country, killing a soldier and injuring three other people ?Canada
75%
1784 – Russia founds a colony on which Alaskan island ?Kodiak Island
75%
794 – Emperor Kanmu relocates the Japanese capital to Heian-kyō. Heian-kyō is now known as which city ?Kyoto
75%
1964 – Jean-Paul Sartre is awarded the Nobel Prize in which field, but turns down the honour ?Literature
75%
1746 – The College of New Jersey receives its charter. By what name is it now known ?Princeton
75%
1844 – Millerites, followers of Baptist preacher William Miller anticipate the end of the world. The following day became known as what ?The Great Disappointment
75%
1910 – Hawley Harvey Crippen is convicted of poisoning his wife. He is the first felon to be arrested with the help of what ?Radio
50%
1966 – The Supremes become the first all-female music group to attain a No. 1 selling album. What was it called ?The Supremes A' Go-Go
50%
2013 – Which Australian jurisdiction becomes the first to legalize same-sex marriage ?Australian Capital Territory
25%
1976 – Red Dye No. 4 is banned by the US Food and Drug Administration after it is discovered that it causes tumors in the bladders of which animal ?Dogs
25%
1707 – Four British naval vessels run aground on which group of islands because of faulty navigation ?Isles of Scilly
25%
1730 – Construction of the Ladoga Canal is completed. In which modern day country ?Russia
25%
1934 – In East Liverpool, Ohio, FBI agents shoot and kill which notorious bank robber ?Charles Arthur "Pretty Boy" Floyd
0%

Score Distribution

Percentile by Number Answered

Percent of People with Each Score

Your Score History

You have not taken this quiz